000 00688nam a2200205 i 4500
001 172442
003 ES-MaACL
005 20251013193121.0
008 090707s1971 sp |||| | spa d
017 _aM 24767-1971
080 _a929 Benedicto XIII, Antipapa
100 0 _aGascón de Gotor, Anselmo.
_955860
245 1 0 _aPedro de Luna
_b: "el pontífice que no cedió" /
_cA. Gascón de Gotor.
250 _a2ª ed.
260 _aMadrid :
_bBiblioteca Nueva,
_c1971.
300 _a324 p. ;
_c25 cm.
600 0 4 _aBenedicto
_bXIII,
_cAntipapa-
_xBiografías
_927505
852 _aES-MaACL
_jE-12757
_9R.138410
_z.- Biblioteca Jacinto Martínez Lacalle
999 _c172442
_d172442